| 000 | 02045 a2200241 4500 | ||
|---|---|---|---|
| 001 | 46569 | ||
| 005 | 20260407155736.0 | ||
| 008 | 260407a1980 arg spa d | ||
| 003 | AR-UNSa-BCEJYS | ||
| 040 |
_aAR-UNSa-BCEJYS _bspa _cAR-UNSa-BCEJYS |
||
| 080 |
_a658.5 _xPlanificación y control de la producción |
||
| 245 | 1 | 0 | _aAdministración y Dirección Técnica de la producción |
| 020 | _a968-18-0574-7 | ||
| 250 | _a4a. ed. | ||
| 264 | 1 |
_aMéxico : _bLimusa-Wiley _c1980 |
|
| 300 |
_a671 p. _c25 cm. |
||
| 505 | _aParte uno: Introducción : 1. Pasado presente de la administración y de la producción las operaciones - 2. Las funciones y la función de producción – 3. El concepto de los sistemas -- Parte dos : Los métodos analíticos : 4. Los métodos analíticos en la administración de producción y las operaciones – 5. Datos de costos para la toma de decisiones – 6. Costos de capital y criterios de inversión – 7. Programación lineal – 8. Líneas de espera - - Parte tres : Diseño de sistemas de producción : 9. Diseño de procesos de producción – 10. Planeación de procesos – 11. Localización de la planta – 12. Distribución de las instalaciones físicas – 13. Diseños de tareas y sistemas hombre-maquina – 14. Normas de producción y medición del trabajo - - Parte cuatro : Planeación y control de las operaciones : 15. Sistemas de inventarios y de producción – 16. Pronósticos e inventarios – 17. Planes y programas agregados – 18. Programación y control de sistemas de alto volumen de producción – 19. Programación y control de sistemas intermitentes – 20. Planeación y control de los proyectos en gran escala – 21. Mantenimiento – 22. Control de calidad - - Parte cinco : Síntesis : 23. Administración de la producción y las operaciones-resumen - - Parte seis : Apéndice – tabla. | ||
| 942 | _cBK | ||
| 590 | _aniveau_biblio:m niveau_hierar:0 | ||
| 100 | 1 | _aSuárez, Eduardo L. | |
| 700 | 1 | _aBuffa, Elwood S. | |
| 700 | 1 | _aVelazquez Mastretta, Gustavo | |
| 999 |
_c4207 _d4207 |
||